|
|
|
|
| LEADER |
02577nam a22004093i 4500 |
| 001 |
EBC6379337 |
| 003 |
MiAaPQ |
| 005 |
20231204023215.0 |
| 006 |
m o d | |
| 007 |
cr cnu|||||||| |
| 008 |
231204s2020 xx o ||||0 ger d |
| 020 |
|
|
|a 9783839443101
|q (electronic bk.)
|
| 020 |
|
|
|z 9783837643107
|
| 035 |
|
|
|a (MiAaPQ)EBC6379337
|
| 035 |
|
|
|a (Au-PeEL)EBL6379337
|
| 035 |
|
|
|a (OCoLC)1202469696
|
| 040 |
|
|
|a MiAaPQ
|b eng
|e rda
|e pn
|c MiAaPQ
|d MiAaPQ
|
| 100 |
1 |
|
|a Balke, Friedrich.
|
| 245 |
1 |
0 |
|a Durchbrochene Ordnungen :
|b Das Dokumentarische der Gegenwart.
|
| 250 |
|
|
|a 1st ed.
|
| 264 |
|
1 |
|a Bielefeld :
|b transcript,
|c 2020.
|
| 264 |
|
4 |
|c ©2020.
|
| 300 |
|
|
|a 1 online resource (223 pages)
|
| 336 |
|
|
|a text
|b txt
|2 rdacontent
|
| 337 |
|
|
|a computer
|b c
|2 rdamedia
|
| 338 |
|
|
|a online resource
|b cr
|2 rdacarrier
|
| 490 |
1 |
|
|a Das Dokumentarische. Exzess und Entzug ;
|v v.1
|
| 505 |
0 |
|
|a Cover -- Inhalt -- Einleitung -- Literatur und die Auseinandersetzung um Formen dokumentarischer Beglaubigung -- Phantasmagorische Dokumentation. Geisterphotographie und ihre literarische Dokumentation -- Poetikvorlesung und die Selbstdokumentation der Literatur -- II. Dokumentarische Beobachtungen und ihre Destabilisierung -- Das Beobachtungsparadigma. Geschichte und Nachleben des direct cinema -- Mockumentary - Eine Theorie -- Havarie. Über dokumentarischen Spurwechsel -- III. Dokumentarische Gesten von Feldforschung und politisierten Affekten in der Gegenwartskunst -- Dokumentationen zweiter Ordnung - field work in der postkonzeptuellen und gegenwärtigen Kunst -- Affektpolitische Arbeit am Dokument am Beispiel von Yael Bartana und Sharon Hayes -- IV. Archivordnungen und Datenmobilisierung im digitalen Zeitalter -- Networked Documents. Dokumentmobilität und Archiv im digitalen Medienwandel -- ›Be the Data‹. Von Schnürbrüsten, Halske -- Abbildungsverzeichnis.
|
| 588 |
|
|
|a Description based on publisher supplied metadata and other sources.
|
| 590 |
|
|
|a Electronic reproduction. Ann Arbor, Michigan : ProQuest Ebook Central, 2023. Available via World Wide Web. Access may be limited to ProQuest Ebook Central affiliated libraries.
|
| 655 |
|
4 |
|a Electronic books.
|
| 700 |
1 |
|
|a Fahle, Oliver.
|
| 700 |
1 |
|
|a Urban, Annette.
|
| 776 |
0 |
8 |
|i Print version:
|a Balke, Friedrich
|t Durchbrochene Ordnungen
|d Bielefeld : transcript,c2020
|z 9783837643107
|
| 797 |
2 |
|
|a ProQuest (Firm)
|
| 830 |
|
4 |
|a Das Dokumentarische. Exzess und Entzug
|
| 856 |
4 |
0 |
|u https://ebookcentral.proquest.com/lib/matrademy/detail.action?docID=6379337
|z Click to View
|